Biblioteca "Ernesto Sabato"
Facultad de Derecho y Ciencias Sociales
Facultad de Lenguas
Universidad Nacional del Comahue

Constitución nacional (Record no. 36486)

MARC details
000 -CABECERA
campo de control de longitud fija 00554nam a22002057a 4500
003 - IDENTIFICADOR DEL NÚMERO DE CONTROL
campo de control OSt
005 - FECHA Y HORA DE LA ÚLTIMA TRANSACCIÓN
campo de control 20250606125001.0
008 - DATOS DE LONGITUD FIJA--INFORMACIÓN GENERAL
campo de control de longitud fija 250606b ||||| |||| 00| 0 spa d
020 ## - ISBN
Número Internacional Estándar del Libro 978-950-897-611-6
040 ## - FUENTE DE LA CATALOGACIÓN
Centro/agencia transcriptor Biblioteca Ernesto Sábato
092 ## - SIGNATURA TOPOGRÁFICA
Número de clasificación D342.982
Libristica O69
Sector BDGR
100 ## - Autor Personal
Nombre de persona Orihuela, Andrea M.
245 ## - MENCIÓN DE TÍTULO
Título Constitución nacional
Resto del título : comentada
250 ## - MENCIÓN DE EDICIÓN
Mención de edición 9a. ed.
260 ## - PUBLICACIÓN, DISTRIBUCIÓN, ETC. (PIE DE IMPRENTA)
Lugar de publicación, distribución, etc. Buenos Aires
Nombre del editor, distribuidor, etc. Estudio
Fecha de publicación, distribución, etc. 2019
300 ## - DESCRIPCIÓN FÍSICA
Paginas 351 p.
440 ## - MENCIÓN DE SERIE/PUNTO DE ACCESO ADICIONAL--TÍTULO
Título Textos comentados
650 ## - Descriptores Tematicos
Término de materia o nombre geográfico como elemento inicial ARGENTINA-CONSTITUCIÓN NACIONAL
942 ## - ELEMENTOS DE PUNTO DE ACCESO ADICIONAL (KOHA)
Fuente del sistema de clasificación o colocación Dewey Decimal Classification
Tipo de ítem Koha BDGR
Holdings
Estado de retiro Estado de pérdida Fuente del sistema de clasificación o colocación Estado dañado No para préstamo Localización permanente Ubicación/localización actual Fecha de adquisición Número de inventario Total de préstamos Signatura topográfica completa Código de barras Fecha visto por última vez Fecha del último préstamo Precio válido a partir de Tipo de ítem Koha
    Dewey Decimal Classification     Biblioteca Ernesto Sabato - FADECS - UNCOMA Biblioteca Ernesto Sabato - FADECS - UNCOMA 06/06/2025 26854 13 D342.982 O69 26854 15/12/2025 10/12/2025 06/06/2025 BDGR
Facultad de Derecho y Ciencias Sociales | Universidad Nacional del Comahue | Mendoza y Perú General Roca | Río Negro CP (8332) | Patagonia Argentina | Teléfono: 54-0298-4433670 | | Fax: 0298-4432093 | Fax alumnos: 0298-4435700